Diseases that start with E - Statistics

General Stats
  • This quiz has been taken 20 times
  • The average score is 3 of 18
Answer Stats
Answer % Correct
ebola
63%
epilepsy
44%
E. coli
31%
eczema
25%
Ear infection
19%
ectopic pregnancy
19%
erectile dysfunction
19%
Embolism
13%
emphysema
13%
Endocarditis
13%
endometriosis
13%
Epstein-Barr Virus
13%
Esophageal cancer
13%
Ewing sarcoma
13%
Eye cancer
13%
Edwards' syndrome
6%
Enterovirus
6%
Endometrial Cancer
0%
No matching quizzes found
Score Distribution
Percent of People with Each Score
Percentile by Number Answered
Your Score History
You have not taken this quiz